<?xml version="1.0" encoding="UTF-8"?><?xml-stylesheet type="text/xsl" href="static/style.xsl"?><OAI-PMH xmlns="http://www.openarchives.org/OAI/2.0/" xmlns:xsi="http://www.w3.org/2001/XMLSchema-instance" xsi:schemaLocation="http://www.openarchives.org/OAI/2.0/ http://www.openarchives.org/OAI/2.0/OAI-PMH.xsd"><responseDate>2026-04-17T17:22:31Z</responseDate><request verb="GetRecord" identifier="oai:www.recercat.cat:2072/483800" metadataPrefix="marc">https://recercat.cat/oai/request</request><GetRecord><record><header><identifier>oai:recercat.cat:2072/483800</identifier><datestamp>2025-08-31T18:04:47Z</datestamp><setSpec>com_2072_98</setSpec><setSpec>col_2072_378192</setSpec></header><metadata><record xmlns="http://www.loc.gov/MARC21/slim" xmlns:dcterms="http://purl.org/dc/terms/" xmlns:xsi="http://www.w3.org/2001/XMLSchema-instance" xmlns:doc="http://www.lyncode.com/xoai" xsi:schemaLocation="http://www.loc.gov/MARC21/slim http://www.loc.gov/standards/marcxml/schema/MARC21slim.xsd">
   <leader>00925njm 22002777a 4500</leader>
   <datafield ind2=" " ind1=" " tag="042">
      <subfield code="a">dc</subfield>
   </datafield>
   <datafield ind2=" " ind1=" " tag="720">
      <subfield code="a">Martín-Vélez, Víctor</subfield>
      <subfield code="e">author</subfield>
   </datafield>
   <datafield ind2=" " ind1=" " tag="720">
      <subfield code="a">Montalvo Porro, Tomas</subfield>
      <subfield code="e">author</subfield>
   </datafield>
   <datafield ind2=" " ind1=" " tag="720">
      <subfield code="a">Giralt, David</subfield>
      <subfield code="e">author</subfield>
   </datafield>
   <datafield ind2=" " ind1=" " tag="720">
      <subfield code="a">Ramírez, Francisco</subfield>
      <subfield code="e">author</subfield>
   </datafield>
   <datafield ind2=" " ind1=" " tag="720">
      <subfield code="a">Giménez, Joan</subfield>
      <subfield code="e">author</subfield>
   </datafield>
   <datafield ind2=" " ind1=" " tag="720">
      <subfield code="a">Morral-Puigmal, Clara</subfield>
      <subfield code="e">author</subfield>
   </datafield>
   <datafield ind2=" " ind1=" " tag="720">
      <subfield code="a">Planell, Raquel</subfield>
      <subfield code="e">author</subfield>
   </datafield>
   <datafield ind2=" " ind1=" " tag="720">
      <subfield code="a">Sabate, Sara</subfield>
      <subfield code="e">author</subfield>
   </datafield>
   <datafield ind2=" " ind1=" " tag="720">
      <subfield code="a">Bota, Gerard</subfield>
      <subfield code="e">author</subfield>
   </datafield>
   <datafield ind2=" " ind1=" " tag="720">
      <subfield code="a">Navarro, Joan</subfield>
      <subfield code="e">author</subfield>
   </datafield>
   <datafield ind2=" " ind1=" " tag="720">
      <subfield code="a">Universitat Autònoma de Barcelona</subfield>
      <subfield code="e">author</subfield>
   </datafield>
   <datafield ind2=" " ind1=" " tag="260">
      <subfield code="c">2024</subfield>
   </datafield>
   <datafield ind2=" " ind1=" " tag="520">
      <subfield code="a">Human-transformed residuals, especially those derived from human waste (dumps), farmland, and livestock are involved in the emergence of antibiotic-resistant bacteria (ARB) in the environment. Wildlife can act as vectors of ARB dispersal through different environments, but also as sentinels to detect the early spread and determine ARB sources. The development of integrated monitoring programmes focused on wildlife would help to anticipate the risks of ARB to humans and livestock. We used the yellow-legged gull (Larus michahellis) as a model species to investigate and monitor the spatial patterns of ARB dispersal across an extensive farmland region located in northeastern Spain (Lleida). By integrating GPS tracking data and ARB clinical testing for 26 individuals within a network analysis framework, we modelled the risk of spatial pathogen spread through faeces during the bacteria-transmission latency period (16 days after sample collection). Additionally, we created a connectivity network to determine the main sources of ARB in the area, focusing on three main habitats of special risk for infection: dumps, livestock facilities, and irrigation ponds. Seven individuals were infected by Escherichia coli, with one also co-infected with Listeria monocytogenes and Salmonella spp. Potential pathogen dispersal distances ranged from 1.13 km to 23.13 km from the breeding colony. Our network analyses revealed 54 main nodes (i.e. high-risk habitats recurrently visited by tracked gulls) and 1182 links among them. Our findings revealed a high degree of connectivity between the breeding area, located in a shallow lake, and nearby dumps, highlighting them as significant contributors to ARB dispersal. Synthesis and applications: The integration of GPS data, pathogen testing and network analyses can shed further light on pathogen dynamics by creating spatial risk maps and identifying ARB sources. In combination with complementary molecular epidemiology techniques within a One Health framework, our approach can emerge as an important tool for monitoring ARB dynamics within highly human-transformed ecosystems. This may empower managers for the development of targeted ARB monitoring programmes and effective mitigation strategies, ultimately improving both animal and public health.</subfield>
   </datafield>
   <datafield tag="653" ind2=" " ind1=" ">
      <subfield code="a">Agriculture</subfield>
   </datafield>
   <datafield tag="653" ind2=" " ind1=" ">
      <subfield code="a">AMR</subfield>
   </datafield>
   <datafield tag="653" ind2=" " ind1=" ">
      <subfield code="a">ARB</subfield>
   </datafield>
   <datafield tag="653" ind2=" " ind1=" ">
      <subfield code="a">Connectivity</subfield>
   </datafield>
   <datafield tag="653" ind2=" " ind1=" ">
      <subfield code="a">One heath</subfield>
   </datafield>
   <datafield tag="653" ind2=" " ind1=" ">
      <subfield code="a">Risk maps</subfield>
   </datafield>
   <datafield tag="653" ind2=" " ind1=" ">
      <subfield code="a">Wildlife</subfield>
   </datafield>
   <datafield tag="653" ind2=" " ind1=" ">
      <subfield code="a">Yellow-legged gull</subfield>
   </datafield>
   <datafield ind2="0" ind1="0" tag="245">
      <subfield code="a">Evil and allies : Opportunistic gulls as both spreaders and sentinels of antibiotic-resistant bacteria in human-transformed landscapes</subfield>
   </datafield>
</record></metadata></record></GetRecord></OAI-PMH>